The Dynamics of Korean economic development.
| Main Author: | |
|---|---|
| Format: | Book |
| Published: |
Washington:
Institute for International economics, Washington, DC,
1994.
|
| Subjects: |
| LEADER | 00477cam a2200157 7i4500 | ||
|---|---|---|---|
| 001 | 0000013199 | ||
| 005 | 20040114090000.0 | ||
| 020 | 0 | 0 | |a 0881321621 |
| 090 | 0 | 0 | |a KORS 338.9 |b CHO |
| 100 | 0 | 0 | |a Cho |
| 245 | 0 | 0 | |a The Dynamics of Korean economic development. |
| 260 | 0 | 0 | |a Washington: |b Institute for International economics, Washington, DC, |c 1994. |
| 300 | # | # | |a 216 p. |
| 650 | 0 | 0 | |a Korea -- |x Economic development |
| 651 | 0 | 0 | |a Korea |
| 999 | |a 0000007957 |b Book |c Book |e Business Information Centre | ||


